| 000 | 00905nas a2200301 4500 | ||
|---|---|---|---|
| 001 | BR2017002824 | ||
| 003 | BR-BrBNA | ||
| 005 | 20231205131111.0 | ||
| 007 | ta | ||
| 008 | 230509b bl.|||p| |||| 00| 00por d | ||
| 040 |
_aBR-BrBNA _bpor _cBiblioteca Nacional de Agricultura |
||
| 041 | _a(Pt) | ||
| 072 | _aE14; E70; Q02 | ||
| 110 | 1 | _aAssociação Nacional das Indústrias Processadoras de cacau, São Paulo, SP (Brasil) | |
| 245 | 1 | _aRenascimento da Cacauicultura | |
| 650 | _aCACAU | ||
| 650 | _aCADEIA PRODUTIVA | ||
| 650 | _aINDÚSTRIA AGRÍCOLA | ||
| 650 | _aPLANEJAMENTO | ||
| 650 | _aCRÉDITO RURAL | ||
| 650 | _aTECNOLOGIA | ||
| 650 | _aMERCADO | ||
| 650 | _aCHOCOLATE | ||
| 650 | _aDESENVOLVIMENTO RURAL | ||
| 773 | 0 |
_tAgroanalysis (Brazil) _xISSN 0100-4298 _g(May 2017), v. 37(5) p. 37-41 _wBR2017002824 |
|
| 909 |
_a202311 _bLúcia _c55 _dLúcia Elande |
||
| 942 |
_2AGRIS _n0 _cANA |
||
| 999 |
_c253033 _d253033 |
||